000 00358nam a2200157Ia 4500
003 0STCL
008 150530s9999 xx 000 0 und d
040 _aSTCL
_cSTCL
100 _aCourthope, W.J.
245 _aHistory of english poetry
260 _bMacmillan
_c1913
546 _aEnglish
942 _2ddc
_cBK
999 _c51493
_d51493
005 20220125170842.0